00571nam a2200181Ia 4500003000900000008004100009020001800050040001600068080001500084100001600099245014400115260003600259300001600295650002200311650001200333650003100345700001300376IN-BaIIA211028s9999 xx 000 0 eng d a0-12-351530-0 cIIA Library a533.1bPHY aHofer, W. O 0aPhysical processes of the interaction of fusion plasmas with solidscW. O Hofer and J. Roth  aSan DiegobAcademic Pressc1996 axiii, 389p. aControlled fusion aPlasmas aSolids - radiation effects aRoth, J.